|
|
|
|
| LEADER |
00000Cam#a22000007a#4500 |
| 003 |
AR-RoUNA |
| 005 |
20190731115640.0 |
| 008 |
140529s1989||||ag| ||| |001 0|spa d |
| 020 |
|
|
|a 9502005242
|
| 040 |
|
|
|a AR-RoUNA
|b spa
|
| 041 |
0 |
|
|a spa
|
| 080 |
|
|
|a 347
|
| 092 |
|
|
|s Edil
|c 347
|l M585
|
| 100 |
1 |
|
|a Messina de Estrella Gutierrez, Graciela Nora..
|9 17438
|
| 245 |
1 |
3 |
|a La responsabilidad civil en la era tecnologica :
|b tendencias y prospectiva /
|c Graciela Nora Messina de Estrella Gutierrez.
|
| 260 |
|
|
|a Buenos Aires :
|b Abeledo-Perrot,
|c 1989.
|
| 300 |
|
|
|a 271 p. ; :
|c 23 cm.
|
| 908 |
|
|
|a Imp;
|
| 930 |
|
|
|e 10356
|
| 942 |
|
|
|2 cdu
|c LIB
|
| 945 |
|
|
|a MTC
|
| 999 |
|
|
|c 2541
|d 2541
|